000 00634nam a22002177a 4500
003 0
005 20250913104333.0
008 250910b xxu||||| |||| 00| 0 eng d
020 _a978-0-451-52493-5
050 _aPR 6029.R8
_b.Or79 2023
100 _aOrwell, George
_eauthor.
245 _a1984 /
_cGeorge Orwell.
260 _aNew York, USA :
_bSignet Classics,
_c2023.
300 _a338 pages :
_c19 cm.
650 _aTotalitarianism
_vFiction.
650 _aPolitical fiction, English.
650 _aDystopias
_vFiction.
650 _aSurveillance
_vFiction.
650 _aMan-woman relationships
_vFiction.
942 _2lcc
_cBK
999 _c367862
_d367862